Personalized politics : (Record no. 12)

000 -LEADER
fixed length control field nam a22 a 4500
003 - CONTROL NUMBER IDENTIFIER
control field AKMAL
005 - DATE AND TIME OF LATEST TRANSACTION
control field 20170412125247.0
008 - FIXED-LENGTH DATA ELEMENTS--GENERAL INFORMATION
fixed length control field 170412s2003 si a e 001 0 eng d
020 ## - INTERNATIONAL STANDARD BOOK NUMBER
International Standard Book Number 9812301860 (hbk.) :
Terms of availability RM149.50
020 ## - INTERNATIONAL STANDARD BOOK NUMBER
International Standard Book Number 9812301852 (pbk.) :
Terms of availability RM69.90
040 ## - CATALOGING SOURCE
Original cataloging agency AKMAL
082 04 - DEWEY DECIMAL CLASSIFICATION NUMBER
Classification number 959.5054 HWA
Edition number 21
090 00 - LOCALLY ASSIGNED LC-TYPE CALL NUMBER (OCLC); LOCAL CALL NUMBER (RLIN)
Classification number (OCLC) (R) ; Classification number, CALL (RLIN) (NR) 320.9595
Local cutter number (OCLC) ; Book number/undivided call number, CALL (RLIN) HWA
100 1# - MAIN ENTRY--PERSONAL NAME
Personal name Hwang, In-Won
9 (RLIN) 51
245 10 - TITLE STATEMENT
Title Personalized politics :
Remainder of title the Malaysian state under Mahathir /
Statement of responsibility, etc. In-Won Hwang
260 ## - PUBLICATION, DISTRIBUTION, ETC.
Place of publication, distribution, etc. Pasir Panjang, Singapore :
Name of publisher, distributor, etc. Institute of Southeast Asian Studies,
Date of publication, distribution, etc. 2003
300 ## - PHYSICAL DESCRIPTION
Extent xix, 398p. :
Other physical details ill. ;
Dimensions 24cm.
504 ## - BIBLIOGRAPHY, ETC. NOTE
Bibliography, etc. note Includes bibliographical references and index
599 ## - LOCAL NOTE
Local Note LULUS
600 10 - SUBJECT ADDED ENTRY--PERSONAL NAME
Personal name Mahathir bin Mohamad,
Titles and other words associated with a name Dato' Seri,
Dates associated with a name 1925-
9 (RLIN) 5
650 10 - SUBJECT ADDED ENTRY--TOPICAL TERM
Topical term or geographic name entry element UMNO
9 (RLIN) 52
651 #0 - SUBJECT ADDED ENTRY--GEOGRAPHIC NAME
Geographic name Malaysia
General subdivision Politics and government
9 (RLIN) 44
651 #0 - SUBJECT ADDED ENTRY--GEOGRAPHIC NAME
Geographic name Malaysia
General subdivision Ethnic relations
-- Political aspects
9 (RLIN) 53
942 ## - ADDED ENTRY ELEMENTS (KOHA)
Source of classification or shelving scheme
Koha item type Book
Holdings
Withdrawn status Lost status Source of classification or shelving scheme Damaged status Not for loan Collection code Home library Current library Shelving location Date acquired Inventory number Total Checkouts Full call number Barcode Date last seen Date last checked out Price effective from Koha item type
          FICTION AKMAL Melaka AKMAL Melaka PINJAMAN 12.04.2017 900437 1 959.5054 HWA 201700016 12.04.2017 12.04.2017 12.04.2017 Book
          FICTION AKMAL Melaka AKMAL Melaka PINJAMAN 12.04.2017 900432   959.5054 HWA 201700017 12.04.2017   12.04.2017 Book
          FICTION AKMAL Melaka AKMAL Melaka PINJAMAN 12.04.2017 900431   959.5054 HWA 201705497 25.05.2017   12.04.2017 Book
Pusat Sumber Maklumat Dato' Haji Sarmin Md Hussin, Akademi Kastam Diraja Malaysia, Melaka
Tel: 06-2331106 | Faks: 06-2313787